Movies by Giants Quiz Stats

 Plays Quiz Updated Feb 8, 2019

Support Sporcle.
Go Orange.
Score 0/12 Timer 03:00
0 Plays Today
% Correct
Attack of the 50 Foot Woman
96.5%
Honey, I Blew Up the Kid
92.8%
Avengers: Age of Ultron
91.6%
The BFG
90.4%
Harry Potter
89.8%
The Princess Bride
88.1%
The Spy Who Loved Me
86.6%
The 3 Worlds of Gulliver
85.6%
Big Fish
77.7%
The Amazing Colossal Man
69.5%
Dude, Where's My Car?
68.1%
Jack the Giant Slayer
66%

From the Vault

Famous German People by Picture

by wiggytitch

This quiz proves that Germany has produced some of the finest minds in the world.
Remove Ads.
Support Sporcle.
Get the best of Sporcle when you Go Orange. This ad-free experience offers more features, more stats, and more fun while also helping to support Sporcle. Thank you for becoming a member.

Show Comments

Extras

Top Quizzes Today


Score Distribution

Your Account Isn't Verified!

In order to create a playlist on Sporcle, you need to verify the email address you used during registration. Go to your Sporcle Settings to finish the process.

Report this User

Report this user for behavior that violates our Community Guidelines.

Details: